Information and communication technologies for development in Africa. Volume 1, Opportunities and challenges for community development /

Bibliographic Details
Uniform Title:Technologies de l'information et de la communication pour le développement en Afrique.
Corporate Authors: International Development Research Centre (Canada), Codesria, NetLibrary, Inc
Other Authors: Thioune, Ramata Molo
Format: eBook
Language:English
Published: Ottawa ; Dakar : Dakar : International Development Research Centre ; Council for the Development of Social Science Research in Africa, [2003]
Subjects:
Online Access:Connect to the full text of this electronic book

MARC

Tag First Indicator Second Indicator Subfields
LEADER 00000cam a2200000Ia 4500
001 in00002037513
005 20220105142201.0
006 m d
007 cr cnu---unuuu
008 040311s2003 onca sb 000 0 eng d
020 |a 1417500182 (electronic bk.) 
035 |a (OCoLC)ocm54679570 
040 |a N$T  |c N$T  |d OCLCQ  |d UtOrBLW 
043 |a f------ 
049 |a IICN 
050 1 4 |a HC800.Z9  |b I55813 2003eb 
082 0 4 |a 338.96/02  |2 22 
130 0 |a Technologies de l'information et de la communication pour le développement en Afrique.  |n Volume 1,  |p Potentialités et défis pour le développement communautaire.  |l English. 
245 1 0 |a Information and communication technologies for development in Africa.  |n Volume 1,  |p Opportunities and challenges for community development /  |c edited by Ramata Malo [as printed] Thioune. 
246 3 0 |a Opportunities and challenges for community development 
264 1 |a Ottawa ;  |a Dakar :  |b International Development Research Centre ;  |a Dakar :  |b Council for the Development of Social Science Research in Africa,  |c [2003] 
264 4 |c ©2003 
300 |a 1 volume :  |b illustrations ;  |c 22 cm. 
336 |a text  |b txt  |2 rdacontent 
337 |a computer  |b c  |2 rdamedia 
338 |a online resource  |b cr  |2 rdacarrier 
504 |a Includes bibliographical references. 
533 |a Electronic reproduction.  |b Boulder, Colo. :  |c NetLibrary,  |d 2004.  |n Available via World Wide Web.  |n Access may be limited to NetLibrary affiliated libraries. 
500 |a Electronic resource. 
650 0 |a Information technology  |z Africa.  |0 http://id.loc.gov/authorities/subjects/sh2009127211 
650 0 |a Telecommunication  |z Africa.  |0 http://id.loc.gov/authorities/subjects/sh2010115906 
650 0 |a Community development  |z Africa.  |0 http://id.loc.gov/authorities/subjects/sh2009119108 
655 7 |a Electronic books.  |2 local 
700 1 |a Thioune, Ramata Molo.  |0 http://id.loc.gov/authorities/names/no2003101045 
710 2 |a International Development Research Centre (Canada)  |0 http://id.loc.gov/authorities/names/n80004171 
710 2 |a Codesria.  |0 http://id.loc.gov/authorities/names/n82218433 
710 2 |a NetLibrary, Inc.  |0 http://id.loc.gov/authorities/names/no99080690 
776 1 |c Original 
856 4 1 |u https://proxy.library.tamu.edu/login?url=http://www.netLibrary.com/urlapi.asp?action=summary&v=1&bookid=105365  |z Connect to the full text of this electronic book  |t 0 
994 |a 92  |b IIC 
999 |a MARS 
999 f f |s 9ef7eff8-65a3-3425-a8eb-fe4bcdf99bd5  |i 7a924862-fcdb-3c84-a17c-eb600ec4366d  |t 0 
952 f f |a Texas A&M University  |b College Station  |c Electronic Resources  |d Available Online  |t 0  |e HC800.Z9 I55813 2003eb  |h Library of Congress classification 
998 f f |a HC800.Z9 I55813 2003eb  |t 0  |l Available Online